| 000 | 009050am a2200265 004500 | ||
|---|---|---|---|
| 003 | EG-GiCUC | ||
| 008 | 080331s2006 ua f 000 0 ara d | ||
| 017 |
_a2005 / 21801 _bمصر.دار الكتب |
||
| 020 | _a9772709813 | ||
| 040 |
_aEG-GiCUC _bara _cEG-GiCUC |
||
| 092 | 0 | 4 |
_a081 _bQ11j _221 |
| 099 |
_a04 _a081 Q11j |
||
| 100 | 1 | _aالقفاص: نصر. | |
| 245 | 1 | 0 |
_aجنرالات الثقافة / _cنصر القفاص. |
| 250 | _aط.1. | ||
| 260 |
_aالقاهرة : _bالدار المصرية اللبنانية: _c2006. |
||
| 300 |
_a149 ص. ؛ _c24 سم. |
||
| 504 | _aيشتمل على ارجاعات ببليوجرافية. | ||
| 650 | 7 |
_aالمقالات العربية. _2qrmak |
|
| 902 | _a1 | ||
| 905 |
_aجمال _eمدخل |
||
| 905 |
_aرضا _eمراجع |
||
| 942 |
_2ddc _cBK |
||
| 999 |
_c99333 _d99333 |
||